<?xml version="1.0" encoding="UTF-8"?>
<record
    xmlns:xsi="http://www.w3.org/2001/XMLSchema-instance"
    xsi:schemaLocation="http://www.loc.gov/MARC21/slim http://www.loc.gov/standards/marcxml/schema/MARC21slim.xsd"
    xmlns="http://www.loc.gov/MARC21/slim">

  <leader>00906aaa a2200217 a 4500</leader>
  <controlfield tag="001">78536</controlfield>
  <controlfield tag="003">BD-RjUL</controlfield>
  <controlfield tag="005">20211209083136.0</controlfield>
  <controlfield tag="008">210930s1956    le ||||| |||| 001 0 ara d</controlfield>
  <datafield tag="035" ind1=" " ind2=" ">
    <subfield code="a">(BD-RjUL)78762</subfield>
  </datafield>
  <datafield tag="040" ind1=" " ind2=" ">
    <subfield code="a">BD-RjUL</subfield>
    <subfield code="b">eng</subfield>
    <subfield code="c">BD-RjUL</subfield>
  </datafield>
  <datafield tag="041" ind1=" " ind2=" ">
    <subfield code="a">ara</subfield>
  </datafield>
  <datafield tag="082" ind1=" " ind2=" ">
    <subfield code="2">23</subfield>
    <subfield code="a">949.502</subfield>
    <subfield code="b">RUR 1956</subfield>
  </datafield>
  <datafield tag="100" ind1="1" ind2=" ">
    <subfield code="a">&#x631;&#x633;&#x62A;&#x645;&#x60C; &#x623;&#x633;&#x62F;&#x60C; ;; rustum, 'asad</subfield>
    <subfield code="d"> (1897-1965</subfield>
    <subfield code="9">248805</subfield>
  </datafield>
  <datafield tag="245" ind1="1" ind2="4">
    <subfield code="a">&#x627;&#x644;&#x631;&#x648;&#x645; &#x641;&#x64A; &#x633;&#x64A;&#x627;&#x633;&#x62A;&#x647;&#x645; &#x648;&#x62D;&#x636;&#x627;&#x631;&#x62A;&#x647;&#x645; &#x648;&#x62F;&#x64A;&#x646;&#x647;&#x645; &#x648;&#x62B;&#x642;&#x627;&#x641;&#x62A;&#x647;&#x645; &#x648;&#x635;&#x644;&#x62A;&#x647;&#x645; &#x628;&#x627;&#x644;&#x639;&#x631;&#x628; = History of The Byzantine Empire : with special reference to its relations with contemporaneous moslem states wasilatihim bil Arab /</subfield>
    <subfield code="b">&#x623;&#x633;&#x62F; &#x631;&#x633;&#x62A;&#x645;. = by Asad J. Rustum. </subfield>
  </datafield>
  <datafield tag="260" ind1=" " ind2=" ">
    <subfield code="a">&#x628;&#x64A;&#x631;&#x648;&#x62A; = Beyrouth :</subfield>
    <subfield code="b">&#x62F;&#x627;&#x631; &#x627;&#x644;&#x645;&#x643;&#x634;&#x648;&#x641;&#x60C; Dar al Makchouf , </subfield>
    <subfield code="c">1956 [1376]</subfield>
  </datafield>
  <datafield tag="300" ind1=" " ind2=" ">
    <subfield code="a">v. ; [346 P. ;]</subfield>
    <subfield code="c">22 CM</subfield>
  </datafield>
  <datafield tag="505" ind1=" " ind2=" ">
    <subfield code="a">Vol. 2.--</subfield>
  </datafield>
  <datafield tag="650" ind1=" " ind2=" ">
    <subfield code="a">History</subfield>
    <subfield code="v">Byzantine Empire</subfield>
    <subfield code="9">248806</subfield>
  </datafield>
  <datafield tag="942" ind1=" " ind2=" ">
    <subfield code="2">ddc</subfield>
    <subfield code="c">BK</subfield>
  </datafield>
  <datafield tag="999" ind1=" " ind2=" ">
    <subfield code="c">78536</subfield>
    <subfield code="d">78536</subfield>
  </datafield>
  <datafield tag="952" ind1=" " ind2=" ">
    <subfield code="0">0</subfield>
    <subfield code="1">0</subfield>
    <subfield code="2">ddc</subfield>
    <subfield code="4">0</subfield>
    <subfield code="7">1</subfield>
    <subfield code="8">NFIC</subfield>
    <subfield code="a">RUCL</subfield>
    <subfield code="b">RUCL</subfield>
    <subfield code="c">Reading</subfield>
    <subfield code="d">2021-09-30</subfield>
    <subfield code="l">0</subfield>
    <subfield code="o">A 949.502 RUR V-2 1956</subfield>
    <subfield code="r">2021-09-30 00:00:00</subfield>
    <subfield code="t">C-1</subfield>
    <subfield code="w">2021-09-30</subfield>
    <subfield code="y">BK</subfield>
  </datafield>
  <datafield tag="952" ind1=" " ind2=" ">
    <subfield code="0">0</subfield>
    <subfield code="1">0</subfield>
    <subfield code="2">ddc</subfield>
    <subfield code="4">0</subfield>
    <subfield code="7">1</subfield>
    <subfield code="8">NFIC</subfield>
    <subfield code="a">RUCL</subfield>
    <subfield code="b">RUCL</subfield>
    <subfield code="c">Reading</subfield>
    <subfield code="d">2021-10-19</subfield>
    <subfield code="l">0</subfield>
    <subfield code="o">A 949.502 RUR V-1 1956</subfield>
    <subfield code="r">2021-10-19 00:00:00</subfield>
    <subfield code="t">C-1</subfield>
    <subfield code="w">2021-10-19</subfield>
    <subfield code="y">BK</subfield>
  </datafield>
</record>
